Kanye Albums - Statistics

General Stats
  • This quiz has been taken 101 times
    67 since last reset
  • The average score is 20 of 28
Answer Stats
Picture Answer % Correct
Donda
100%
Graduation
98%
808s and Heartbreak
96%
Late Registration
96%
My Beautiful Dark Twisted Fantasy
96%
The College Dropout
96%
The Life of Pablo
96%
Vultures
96%
Ye
96%
Vultures 2
95%
Jesus is King
91%
Yeezus
89%
Vultures 3
88%
Kids See Ghosts
84%
Watch the Throne
82%
Donda 2
80%
Waves
66%
Yandhi
61%
Swish
59%
Yeezus 2
52%
Good Ass Job
50%
Cruel Summer
48%
Turbo Grafx 16
41%
Cruel Winter
34%
Thank God for Drugs
30%
Cruel Autumn
29%
Cruel Spring
29%
So Help Me God
25%
No matching quizzes found
Score Distribution
Percent of People with Each Score
Percentile by Number Answered
Your Score History
You have not taken this quiz since the last reset